00599nam a2200205Ia 4500003000400000005001700004008004100021020001500062040000700077041000800084082001700092100002700109245001800136260004600154300000900200650002200209942001300231999001900244952013000263OSt20250829101940.0250729s2005 xx 000 0 und d aB0BW4GHTGK cAL aeng a372.372 GRUS aGreegni Antony9222311 aSex education aMumbaibBetter Yourself Publicationc2005 a163p aEducation9222312 2ddccBED c235403d235403 00104070aALbALd2025-07-29eSita Book Houseg40.00l0o372.372 GRUSpBED00722r2025-07-29 16:53:58v40.00w2025-07-29yBK